| 000 | 00913nam a22003137a 4500 | ||
|---|---|---|---|
| 003 | CHAP | ||
| 005 | 20220329134653.0 | ||
| 008 | 971013s1978 r 00010 d | ||
| 010 | _a23988 | ||
| 011 | _a24960 | ||
| 035 | _a29060 | ||
| 040 | _cCHAP | ||
| 082 |
_a335.4 _bB7Y |
||
| 100 | 0 | 0 |
_aBrecht, Bertolt. _915188 |
| 245 | _aEscritos políticos y sociales | ||
| 260 |
_aMéxico, D. F. : _bGrijalbo, _c1978 |
||
| 300 | _a419 p. | ||
| 490 |
_aTeoría y praxis _v; 40 |
||
| 590 |
_aBATCH-UPD _b10 _c20130110 _lUCH01 _h1839 |
||
| 590 |
_aBATCH-UPD _b10 _c20130410 _lUCH01 _h1210 |
||
| 590 |
_aBATCH-UPD _b10 _c20130914 _lUCH01 _h1018 |
||
| 590 |
_aCONVERSION _b10 _c20130109 _lUCH01 _h1314 |
||
| 650 | 1 | 4 |
_aFilosofía. _940890 |
| 650 | 1 | 4 |
_aMarxismo. _972728 |
| 830 | 0 |
_aTeoría y praxis _v; 40 _9112315 |
|
| 901 | _aBK | ||
| 942 | _cLIBRO | ||
| 949 |
_a335.4 B7Y _bBC _cLIBRO _d33724000335568 _eLIBRO _h48636 _i29060 _si |
||
| 999 |
_c23988 _d23988 |
||